• 首页
  • 本馆介绍
  • 公告通知
  • 最新文献
  • 馆藏检索
  • 电子资源
  • 读者导购
  • 参考咨询
  • 我的图书馆
  • 登录
  • 详细信息显示
  • 放入我的书架
  • 预约/预借图书
  • 作者相关作品
  • 分类相关作品
  • 丛书相关作品
  • 出版社相关作品

书目信息

  • 表格格式
  • 工作单格式
  • 卡片格式
题名:
安全测定
    
 
作者: 塔兰茨 著 ;黑龙江省劳动保护科学研究所 译
分册:  
出版信息: 北京   劳动出版社  1982.7
页数: 444页
开本: 20cm
丛书名:
单 册:
中图分类: F243.6
科图分类:
主题词: 劳动经济
电子资源:
ISBN:
000 00647nam0 2200205 45
001 0404281485
005 20060818164551.56
010    @dCNY2.55
091    @a15238.013
100    @a20040428d1982 km y0chiy0120 ea
101 0  @achi
200 1  @a安全测定@AAn Quan Ce Ding@f(美)W·E·塔兰茨著@F(Mei)W·E·Ta Lan Ci Zhu@g黑龙江省劳动保护科学研究所译
210    @a北京@c劳动出版社@d1982.7
215    @a444页@d20cm
606 0  @a劳动经济
690    @aF243.6@v3
701  0 @a塔兰茨@4著
712 02 @a黑龙江省劳动保护科学研究所@AHei Long Jiang Sheng Lao Dong Bao Hu Ke Xue Yan Jiu Suo@4译
801    @aCN@bPftUser@c20060818
905    @f1@b177340@dF243.6@e19
    
    安全测定/(美)W·E·塔兰茨著/黑龙江省劳动保护科学研究所译.-北京:劳动出版社,1982.7
    444页;20cm
    
    
    ISBN :CNY2.55
    
●
相关链接 在E读中查询图书 在五车中查询图书 在当当中查询图书 在豆瓣中查询图书


正题名:安全测定     索取号:F243.6/19         预约/预借

序号 登录号 条形码 馆藏地/架位号 状态 备注
1 0177340   000209312   第一借阅区/ [索取号:F243.6/19] 在馆    
2 0177341   000209358   第一样本阅览室/ [索取号:F243.6/19] 在馆    
3 0465237   204652376   密集书库/ [索取号:F243.6/19] 在馆    
4 0469246   204692467   密集书库/ [索取号:F243.6/19] 在馆    
唐山师范学院图书馆 欢迎您!
大连网信软件有限公司© 版权所有